000 00406nam a22001697a 4500
005 20160630121823.0
008 160630b xxu||||| |||| 00| 0 eng d
020 _a978-81-219-3192-2
041 _aeng
082 _b19715
100 _aAlex Dr K
_93304
245 _aSoft Skills
260 _aNew Delhi
_bSultan Chand & Sons,
_c2014
300 _a254
650 _aDiploma Engineering
_9817
942 _cBK
999 _c4919
_d4917